| 000 | 00405cam a22001337a 4500 | ||
|---|---|---|---|
| 008 | 180718b2001 xxu||||| |||| 00| 0 eng d | ||
| 082 | _aQ39x54 B469d | ||
| 100 | _aBhattacharya, Mohit | ||
| 245 |
_aDisaster management : innovative response to governance _cby Mohit Bhattacharya |
||
| 260 |
_aNew Delhi _bJawahar publishing _c2001 |
||
| 300 | _a84p. | ||
| 650 | _agovernance | ||
| 650 | _aDisaster management | ||
| 999 |
_c502888 _d502888 |
||